|
|
|
|
| LEADER |
00789nam a2200217 i 4500 |
| 001 |
c000242964 |
| 003 |
CARM |
| 005 |
00000000000000.0 |
| 008 |
840515s1971 nyu 0 eng d |
| 019 |
1 |
|
|a 52503
|5 LACONCORD2021
|
| 035 |
|
|
|a (OCoLC)127275
|5 LACONCORD2021
|
| 082 |
0 |
4 |
|a 301.24
|
| 100 |
1 |
|
|a Allen, Francis R.
|
| 245 |
1 |
0 |
|a Socio-cultural dynamics :
|b an introduction to social change /
|c [by] Francis R. Allen.
|
| 260 |
|
|
|a New York :
|b Macmillan,
|c [1971].
|
| 300 |
|
|
|a 396 p.
|
| 504 |
|
|
|a Includes bibliographies.
|
| 650 |
|
0 |
|a Social change.
|
| 852 |
8 |
|
|b CARM
|h A2:AR25G0
|i C08686
|p 0322694
|f BK
|
| 999 |
f |
f |
|i ba424af8-2a30-5564-b4fa-d7c5b1db4beb
|s fc184102-b826-5625-8f0b-cbec3b2711f6
|
| 952 |
f |
f |
|p Can circulate
|a CAVAL
|b CAVAL
|c CAVAL
|d CARM 1 Store
|e C08686
|f A2:AR25G0
|h Other scheme
|i book
|m 0322694
|